| 000 | 00415nam a22001697a 4500 | ||
|---|---|---|---|
| 003 | OSt | ||
| 008 | 201117b ||||| |||| 00| 0 eng d | ||
| 020 | _a978-8120350670 | ||
| 100 | _aRAJARAM, V | ||
| 245 | _aFundamentals of Computers | ||
| 250 | _a6 TH | ||
| 260 |
_aNew Delhi _bPrentice Hall India Learning _c2020 |
||
| 300 | _a428 | ||
| 650 | _aB.Sc Computer Science | ||
| 700 | _aADABALA, N | ||
| 942 |
_2ddc _cBK |
||
| 999 |
_c9105 _d9105 |
||